| Tag |
First Indicator |
Second Indicator |
Subfields |
| LEADER |
00000cam a2200000 4500 |
| 001 |
in00001982916 |
| 006 |
m | d | |
| 007 |
cr |n||||||||n |
| 008 |
791208s1749 enk|||| s 00||||eng d |
| 005 |
20260403173738.6 |
| 035 |
|
|
|a (CStRLIN)ESTCT74186
|
| 040 |
|
|
|a Uk-ES
|c Uk-ES
|d CStRLIN
|d Thomson Gale
|d UtOrBLW
|
| 100 |
1 |
|
|a Doddridge, Philip,
|d 1702-1751.
|
| 245 |
1 |
0 |
|a Reflections on the conduct of divine providence in the series and conclusion of the late war :
|b a sermon preached at Northampton, April 25, 1749. Being the day appointed by his Majesty for a general thanksgiving on account of the peace concluded with France and Spain. By P. Doddridge, D.D.
|
| 264 |
|
3 |
|a London :
|b printed and sold by J. Waugh,
|c 1749.
|
| 300 |
|
|
|a 39, 1 unnumbered page ;
|c 8⁰.
|
| 336 |
|
|
|a text
|b txt
|2 rdacontent
|
| 337 |
|
|
|a computer
|b c
|2 rdamedia
|
| 338 |
|
|
|a online resource
|b cr
|2 rdacarrier
|
| 500 |
|
|
|a Reproduction of original from the British Library.
|
| 510 |
4 |
|
|a English Short Title Catalog,
|c ESTCT74186.
|
| 533 |
|
|
|a Electronic reproduction.
|b Farmington Hills, Mich. :
|c Thomson Gale,
|d 2003.
|n Available via the World Wide Web.
|n Access limited by licensing agreements
|7 s2003 miunns
|
| 500 |
|
|
|a Electronic resource.
|
| 830 |
|
0 |
|a Eighteenth century collections online.
|
| 856 |
4 |
0 |
|u http://proxy.library.tamu.edu/login?url=https://galenet.galegroup.com/servlet/ECCO?c=1&stp=Author&ste=11&af=BN&ae=T074186&tiPG=1&dd=0&dc=flc&docNum=CW119980887&vrsn=1.0&srchtp=a&d4=0.33&n=10&SU=0LRF&locID=txshracd2898
|z Full text online
|t 0
|
| 999 |
|
|
|a MARS
|
| 999 |
f |
f |
|s 26a948a2-7346-3c89-8deb-9684b393a4f3
|i d2e3c90a-3253-329b-b0a7-84ab5888b367
|t 0
|
| 952 |
f |
f |
|a Texas A&M University
|b College Station
|c Electronic Resources
|s www_evans
|d Available Online
|t 0
|h No information provided
|
| 998 |
f |
f |
|t 0
|l Available Online
|